| 000 | 01378cam a22003494a 4500 | ||
|---|---|---|---|
| 001 | 13227342 | ||
| 003 | NUST | ||
| 005 | 20220301093405.0 | ||
| 008 | 030606s2004 cau b 001 0 eng | ||
| 010 | _a 2003011981 | ||
| 020 | _a0761929061 (alk. paper) | ||
| 020 | _a076192907X (pbk. : alk. paper) | ||
| 038 | _awaseem | ||
| 040 |
_aDLC _cDLC _dDLC |
||
| 042 | _apcc | ||
| 050 | 0 | 0 |
_aBF311 _b.R6542 2004 |
| 082 | 0 | 0 |
_a306.42 _bROS |
| 100 | 1 |
_aRoss, Norbert _q(Norbert O.) _989921 |
|
| 245 | 1 | 0 |
_aCulture & cognition : _bimplications for theory and method / _cby Norbert Ross. |
| 246 | 3 | _aCulture and cognition | |
| 260 |
_aLondon : _bSAGE Publications, _cc2004. |
||
| 300 |
_aix, 203 p. ; _c23 cm. |
||
| 504 | _aIncludes bibliographical references (p. 177-189) and index. | ||
| 563 | _aPBK. | ||
| 650 | 0 |
_aCognition and culture. _989922 |
|
| 856 | 4 | 1 |
_3Table of contents only _uhttp://www.loc.gov/catdir/toc/ecip044/2003011981.html |
| 856 | 4 | 2 |
_3Publisher description _uhttp://www.loc.gov/catdir/enhancements/fy0658/2003011981-d.html |
| 856 | 4 | 2 |
_3Contributor biographical information _uhttp://www.loc.gov/catdir/enhancements/fy0734/2003011981-b.html |
| 906 |
_a7 _bcbc _corignew _d1 _eecip _f20 _gy-gencatlg |
||
| 942 |
_2ddc _cBK |
||
| 999 |
_c588403 _d588403 |
||